| 000 | 00541nam a22001937a 4500 | ||
|---|---|---|---|
| 005 | 20260424152515.0 | ||
| 008 | 260424b |||||||| |||| 00| 0 eng d | ||
| 020 |
_a9783111700687 _c1599.00 |
||
| 040 | _aMAIN | ||
| 041 | _aEnglish | ||
| 082 |
_a512.4 _bJES |
||
| 100 |
_aJespers, Eric _926750 |
||
| 245 |
_aGroup Ring Groups _b: Order And Generic Constructions of Units |
||
| 260 |
_aBerlin _bDe Gruyter _c2025 |
||
| 300 |
_a447 _bVol.1st |
||
| 650 |
_aMathematics (PM USHA) _926738 |
||
| 700 |
_aRio, Angel Del _926751 |
||
| 942 | _cBK | ||
| 999 |
_c60735 _d60735 |
||